Dohody a poistné na zdravotné poistenie
Účinnosť zákona o zdravotnom poistení č. 580/2004 Z.z. v znení zákona č.718/2004 Z.z. a zmeny v platení poistného pre pracujúcich na základe dohôd o prácach vykonávaných mimo pracovného pomeru. Kto sú zamestnancami, SZČO a samoplatiteľmi pre účely tohto zákona. Ročné zúčtovanie poistného samoplatite...
Gespeichert in:
| 1. Verfasser: | |
|---|---|
| Format: | Buchkapitel |
| Sprache: | Slowakisch |
| Schlagworte: | |
| Tags: |
Keine Tags, Fügen Sie das erste Tag hinzu!
|
MARC
| LEADER | 00000naa$a2200000$$$4500 | ||
|---|---|---|---|
| 001 | 0026272 | ||
| 005 | 20231109090410.2 | ||
| 041 | 0 | |a slo | |
| 044 | |a SK | ||
| 245 | 1 | 0 | |a Dohody a poistné na zdravotné poistenie |c Jozef Mihál |
| 520 | |a Účinnosť zákona o zdravotnom poistení č. 580/2004 Z.z. v znení zákona č.718/2004 Z.z. a zmeny v platení poistného pre pracujúcich na základe dohôd o prácach vykonávaných mimo pracovného pomeru. Kto sú zamestnancami, SZČO a samoplatiteľmi pre účely tohto zákona. Ročné zúčtovanie poistného samoplatiteľa. | ||
| 610 | 2 | 0 | |a poistenie zdravotné |
| 610 | 2 | 0 | |a poistné |
| 610 | 2 | 0 | |a poistenci |
| 610 | 2 | 0 | |a zamestnanci |
| 610 | 2 | 0 | |a dohody o vykonaní práce |
| 610 | 2 | 0 | |a odvody |
| 610 | 2 | 0 | |a legislatíva |
| 100 | 1 | |a Mihál, Jozef | |